000 00549nam a2200193 a 4500
005 20230623063549.0
008 991125s1993 mx 000 0 spa u
020 _a9681636724
035 _aUPN01000043212
049 _aI
050 4 _aPZ71
_bA9.6
100 1 _aAura, Alejandro,
_d1944-2008
_929756
245 1 3 _aEl otro lado /
_cAlejandro Aura ; il. de Marcos Límenes.
260 _aMéxico :
_bFCE,
_c1993.
300 _a[37] p. :
_bil.
440 0 _aA la orilla del viento
650 4 _aCuentos infantiles mexicanos
_97723
905 _aInfantil
999 _c43212
_d43212